000 00812nam a2200253Ia 4500
003 OSt
005 20220918184832.0
006 a|||||r|||| 00| 0
007 ta
008 220917b |||||||| |||| 00| 0 eng d
024 _a48,297
037 _cTextual
040 _aARTS
_cARTS
_beng
041 _2eng
_aeng
082 _aP:3, K51 (PD)
100 _aBateman Donald Ray
_966793
245 0 _aEffects of a study of a generative grammer upon the structure of written sentences of ninth and tenth graders
260 _aAnn arbor
_bUniv Microfilms
_c1965
300 _avii,158p.
_ccm.
490 _aOhio State University , Linguistics (Department of-) , Dissertation , 1965
650 _aLINGUISTICS
942 _hP:3, K51 (PD)
_cTEXL
_2CC
999 _c177967
_d177967